00524 2200181 4500245011500000020002200115250001100137100002900148700001900177650001300196650001900209005001900228260003700247041001400284084001000298300002500308336000900333 aMelestarikan Mangrove & Terumbu Karang untuk Menjaga Kawasan Pesisir IndonesiacLayur Lintanglor LestarihText a978-602-221-165-5 aCet. 1 aLayur Lintanglor Lestari aHerman Sugarsa aMangrove aTerumbu Karang a20230301142609 aJakartabGading Inti Primac2013 aIndonesia a634.9 avi, 84 hlm. :cilus. atext